000 00405nam a22001577a 4500
999 _c2357
_d2357
008 200226b ||||| |||| 00| 0 eng d
082 0 0 _a623.8171
_bK321
100 _91932
_aKemp
245 1 0 _aship stability: notes and examples /
_cby Kemp and Young
250 _a2nd
260 _aLondon
_bMaritime Pub
_c1971
300 _a132 p.
650 0 _aStability of ships
700 _91933
_aYoung
942 _cBK